Vybrané otázky odbornej služobnej prípravy

Bibliographic Details
Main Author: Hric, Ján, 1935-2017 (Author)
Format: Book
Language:Slovak
PhysicalDescription:63 strán ilustrácie (niektoré farebné), schémy, tabuľky 29 cm
Published: Bratislava Akadémia Policajného zboru Slovenskej republiky 1993
Subjects:

MARC

LEADER 00000cam a2200000 4500
001 vtls012068949
003 SK-MaSNL
005 20260301054648.0
008 260107s1993 xo al frnp 000 0 slo
015 |a SNBA1993/05 
020 |q (brožované) 
040 |a SNK  |b slo  |c SNK  |e rda 
041 0 |a slo 
044 |a xo  |c SK 
072 7 |a 351  |x Úlohy verejnej správy, správne opatrenia. Legislatíva  |2 konspekt 
072 7 |a 377  |x Odborné vzdelávanie  |2 konspekt 
080 |a 351.74  |2 2011 
080 |a 377  |2 2011 
080 |a (075.8)  |2 2011 
100 1 |a Hric, Ján,  |d 1935-2017  |4 aut  |9 210476 
245 1 0 |a Vybrané otázky odbornej služobnej prípravy  |c Ján Hric 
264 1 |a Bratislava  |b Akadémia Policajného zboru Slovenskej republiky  |c 1993 
300 |a 63 strán  |b ilustrácie (niektoré farebné), schémy, tabuľky  |c 29 cm 
336 |a text  |b txt  |2 rdacontent 
337 |a bez média  |b n  |2 rdamedia 
338 |a zväzok  |b nc  |2 rdacarrier 
366 |e 150 kusov 
500 |a Na obale názov: Vybrané problémy odbornej služobnej prípravy 
500 |a Vydala Akadémia Policajného zboru Slovenskej republiky, Katedra služobnej a telesnej prípravy 
500 |a Obsahuje skratky 
504 |a Bibliografia na strane 62-63 ; obsahuje bibliografické odkazy 
650 0 7 |a polícia  |2 SNKPH  |9 1673 
650 0 7 |a odborné vzdelávanie  |2 SNKPH  |9 4335 
650 0 7 |a profesijná príprava  |2 SNKPH  |9 4253 
650 0 7 |a Vocational education  |2 SNKPHeng  |9 286007 
650 0 7 |a Professional training  |2 SNKPHeng  |9 270896 
650 0 7 |a Police  |2 SNKPHeng  |9 275350 
655 7 |a učebnice vysokých škôl  |2 SNKPH  |9 70191 
655 7 |a Textbooks (higher)  |2 SNKPHeng  |9 276436 
710 2 |a Akadémia Policajného zboru Slovenskej republiky v Bratislave.  |b Katedra služobnej a telesnej prípravy  |4 pbl  |9 177442 
852 |a Slovenská národná knižnica 
954 |a odborná, vedecká literatúra pôvodná (slovenská)  |2 lita 
958 |a EUIPO 
958 |a NB 
958 |a UV 
958 |a OND 
999 |c 611513  |d 613443 
952 |a SNK  |b SNK  |y PREZ  |7 0  |p 17A1457971  |o snkSB 97155  |i snk2021/12913  |8 7  |0 0  |1 0  |4 0  |d 2021-09-17  |l 0  |r 2026-02-23 16:25:41  |w 2026-02-23 
952 |a SNK  |b SNK  |y VYP  |7 0  |p 17A1457972  |o snkSB 97155 D1  |i snk2021/12917  |8 7  |0 0  |1 0  |4 0  |d 2021-09-17  |l 0  |r 2026-02-23 16:25:41  |w 2026-02-23